Dessins animés par titres détournés - Statistiques

Statistiques générales
  • Ce quiz a été pris 1 256 fois
  • Le résultat moyen est 8 sur 20
Statistiques - réponses
Titre détourné Titre exact % Correct
Non-Non Oui-Oui
96%
Inca la guêpe Maya l'abeille
81%
Détective Outil Inspecteur Gadget
77%
Souriz Ratz
74%
Les Évidentes villes de bronze Les Mystérieuses cités d'or
66%
Chicago le premier mammifère Denver le dernier dinosaure
56%
Le Gang de Donald La Bande à Picsou
49%
Achille 62 Ulysse 31
49%
Crocodiles Samouraï Tortues ninja
44%
Lieutenant Flot Capitaine Flam
40%
Barbie la Victime Ken le Survivant
28%
Sandy la Lavette Bob l'Éponge
24%
Le Lycée normal, normal, normal Le Collège fou, fou, fou
24%
Le Grand Commis Le Petit Chef
24%
Rider Sun Sailor Moon
23%
Les Méga-index Les Minipouss
16%
Alfredo avec ses amis Rémi sans famille
12%
Attesté Dog's Mouth Signé Cat's Eyes
11%
L'Université des nuls L'École des champions
9%
TigerCube DragonBall
4%
Aucun quiz correspondant
Distribution des résultats
% des personnes avec chaque résultat
Percentile par nombre de réponses
Votre historique - résultats
Vous n’avez pas pris ce quiz